|
|
|
|
| LEADER |
01373nam a22003975i 4500 |
| 001 |
978-3-662-41015-8 |
| 003 |
DE-He213 |
| 005 |
20151204173845.0 |
| 007 |
cr nn 008mamaa |
| 008 |
131129s2005 gw | s |||| 0|eng d |
| 020 |
|
|
|a 9783662410158
|9 978-3-662-41015-8
|
| 024 |
7 |
|
|a 10.1007/978-3-662-41015-8
|2 doi
|
| 040 |
|
|
|d GrThAP
|
| 050 |
|
4 |
|a QA76.9.C643
|
| 050 |
|
4 |
|a TK5105.5-5105.9
|
| 072 |
|
7 |
|a UT
|2 bicssc
|
| 072 |
|
7 |
|a COM067000
|2 bisacsh
|
| 082 |
0 |
4 |
|a 004.6
|2 23
|
| 100 |
1 |
|
|a Smith, Sean W.
|e author.
|
| 245 |
1 |
0 |
|a Trusted Computing Platforms: Design and Applications
|h [electronic resource] /
|c by Sean W. Smith.
|
| 264 |
|
1 |
|a Berlin, Heidelberg :
|b Springer Berlin Heidelberg :
|b Imprint: Springer,
|c 2005.
|
| 300 |
|
|
|a XX, 239 p.
|b online resource.
|
| 336 |
|
|
|a text
|b txt
|2 rdacontent
|
| 337 |
|
|
|a computer
|b c
|2 rdamedia
|
| 338 |
|
|
|a online resource
|b cr
|2 rdacarrier
|
| 347 |
|
|
|a text file
|b PDF
|2 rda
|
| 650 |
|
0 |
|a Computer science.
|
| 650 |
|
0 |
|a Computer organization.
|
| 650 |
1 |
4 |
|a Computer Science.
|
| 650 |
2 |
4 |
|a Computer Systems Organization and Communication Networks.
|
| 710 |
2 |
|
|a SpringerLink (Online service)
|
| 773 |
0 |
|
|t Springer eBooks
|
| 776 |
0 |
8 |
|i Printed edition:
|z 9787302131748
|
| 856 |
4 |
0 |
|u http://dx.doi.org/10.1007/978-3-662-41015-8
|z Full Text via HEAL-Link
|
| 912 |
|
|
|a ZDB-2-SCS
|
| 950 |
|
|
|a Computer Science (Springer-11645)
|